000 01098nam a2200265Ia 4500
003 OSt
005 20221005133619.0
006 a|||||r|||| 00| 0
007 ta
008 221004b |||||||| |||| 00| 0 hin d
024 _a71452
037 _cTextual
040 _aCRL
_cCRL
_bhin
041 _2hin
_ahin
100 _aमीणा, रामचंद्र, ले.
110 _aदिल्ली विश्वविद्यालय. कला संकाय. हिन्दी विभाग
245 0 _aयशपाल के उपन्यासों में समाज एवं क्रांति की अवधारणा
246 _aYashapāl ke upanyāsoan mean samāj evan krāanti kī avadhāraṇā
260 _c2020
300 _a199पृ0
_ccm.
650 _aहिन्दी कहानी
700 _aदिल्ली विश्वविद्यालय. कला संकाय. हिन्दी विभाग
942 _cTEXL
_2cc
999 _c1067359
_d1067359